| 000 | 00435 a2200157 4500 | ||
|---|---|---|---|
| 020 | _a 969474011605 | ||
| 040 |
_aDLC _bDLC |
||
| 082 | _a025.43 | ||
| 100 | _a S. Riaz-ud-Din | ||
| 245 |
_aDerjabandi _cS. Riaz-ud-Din _h[Urdu] |
||
| 260 |
_a Islamabad: , _bMuqtadara Qumi Zuban _c1993. |
||
| 300 |
_a316 p. ; _c24 cm. |
||
| 500 | _aIncludes bibliographical references and index | ||
| 650 | _aClassification | ||
| 942 |
_cBK _k025.43 RIA _2ddc |
||
| 999 |
_c6953 _d6953 |
||